BSOP header

Asherah and the cult of Yahweh in Israel / (Record no. 13020)

MARC details
000 -LEADER
fixed length control field 00750nam a2200205 4500
008 - FIXED-LENGTH DATA ELEMENTS--GENERAL INFORMATION
fixed length control field 021004s1988 us 1 eng
020 ## - INTERNATIONAL STANDARD BOOK NUMBER
International Standard Book Number 1555402542
090 #0 - LOCALLY ASSIGNED LC-TYPE CALL NUMBER (OCLC); LOCAL CALL NUMBER (OCLC)
Classification number (OCLC) (R) ; Classification number, CALL (RLIN) (NR) BS511.2
Local cutter number (OCLC) ; Book number/undivided call number, CALL (RLIN) So1m
100 1# - MAIN ENTRY--PERSONAL NAME
Personal name Olyan, Saul M.
245 10 - TITLE STATEMENT
Title Asherah and the cult of Yahweh in Israel /
Statement of responsibility, etc Saul M. Olyan.
260 ## - PUBLICATION, DISTRIBUTION, ETC. (IMPRINT)
Place of publication, distribution, etc Atlanta :
Name of publisher, distributor, etc Scholars Press,
Date of publication, distribution, etc c1988.
300 ## - PHYSICAL DESCRIPTION
Extent xiv, 100 p.
490 1# - SERIES STATEMENT
Series statement Society of biblical literature monograph series, 34
504 ## - BIBLIOGRAPHY, ETC. NOTE
Bibliography, etc Biblio: pp. 75-90 / Includes index
505 0# - FORMATTED CONTENTS NOTE
Formatted contents note vol. XXXIV
650 #4 - SUBJECT ADDED ENTRY--TOPICAL TERM
Topical term or geographic name as entry element Asherah (Semitic deity)
General subdivision Biblical teaching.
650 #4 - SUBJECT ADDED ENTRY--TOPICAL TERM
Topical term or geographic name as entry element Bible. O.T.
General subdivision Criticism, interpretation, etc.
650 #4 - SUBJECT ADDED ENTRY--TOPICAL TERM
Topical term or geographic name as entry element God
General subdivision Worship and love
-- Biblical teaching.
951 ## - EQUIVALENCE OR CROSS-REFERENCE-GEOGRAPHIC NAME/AREA NAME [OBSOLETE] [CAN/MARC only]
-- 15895
-- BS511.2/So1m-XXXIV
-- 070613111149015
-- 2000-12-21
-- GC
Holdings
Withdrawn status Lost status Damaged status Not for loan Home library Current library Shelving location Date acquired Accession number Shelving control number Total Checkouts Full call number Date last seen Price effective from Koha item type
        BSOP Library BSOP Library GC 12/21/2000 15895 127   BS511.2/So1m-XXXIV 02/23/2013 02/23/2013 Books
BSOP

Biblical Seminary of the Philippines
  All rights Reserved
  © 2024

CONTACT INFORMATION

Biblical Seminary of the Philippines,
  77-B Karuhatan Road, Valenzuela City,
  PHILIPPINES 1441
  Phone: +632 8292-6795 / 8292-6798
  Fax : +632 8292-6675
  Email: library@bsop.edu.ph